Statistics for Mustard Service Songs

Click here to take the quiz!

General Stats

  • This quiz has been taken 12 times
    (8 since last reset)
  • The average score is 26 of 40

Answer Stats

Answer% Correct
Arguments (With Your Lover)
100%
Intro to Zest Pop
100%
Pleasantries (With Your Lover)
100%
Rosie
100%
The Dominoes
100%
(Your Cat) Don't Stand A Chance
100%
9 To 5
83%
Alolé
83%
(Another) 251
83%
Bedtime
83%
Daddy Dookie Brown
83%
Fiddle Lake
83%
Get F****d
83%
Hijo De Papá
83%
Oh, Honey Baby
83%
Backburn
67%
Drugs & Alcohol
67%
Fin
67%
Homie
67%
I'm Sorry I Hit You with My Flip Flop
67%
It Is What It Is
67%
Larkin's Parkin'
67%
My Oh Me, Pt. 1
67%
My Oh Me, Pt. 2
67%
Need
67%
Taking up Space
67%
Baby It's Scary
50%
Getting There
50%
Is It True?
50%
Late Night Drive
50%
Mary's
50%
VCM
50%
What a Life
50%
Dead Skin* w/ RealLiveAnimals
33%
Drink With a Friend
33%
Frogs And Pansies
33%
Night In Tulum
33%
All Or Nothing
17%
Bupkis
17%
Song For Marco
17%

Score Distribution

Percentile by Number Answered

Percent of People with Each Score

Your Score History

You have not taken this quiz since the last reset